[Event "tht Extraliga 16/17,Lysa nad Labem B-BSS Frydek Mistek"]
[Site "Lysa nad Labem"]
[Date "2017.02.25"]
[Round "7.1"]
[White "Papp, Gabor"]
[Black "Azarov, Sergei"]
[WhiteElo "2582"]
[BlackElo "2585"]
[Result "1/2-1/2"]

1. c4  e6  2. g3  d5
3. Bg2  Nf6  4. Nf3
d4  5. O-O  c5
6. b4  a5  7. b5  Be7
8. e3  dxe3  9. fxe3
O-O  10. Bb2  Nbd7
11. Qe2  Qc7  12. Nc3
a4  13. Rae1  a3
14. Ba1  b6  15. Ne5
Bb7  16. Nc6  Bd6
17. d4  Rae8  18. Rf2
h5  19. Ne4  Nxe4
20. Bxe4  f5  21. Bf3
Nf6  22. Bxh5  Nxh5
23. Qxh5  Bxc6  24. bxc6
Qxc6  25. d5  exd5
26. Bxg7  Kxg7  27. Qg5+
Kh7  28. Qh5+  Kg7
29. Qg5+  Kh7  30. Qh5+
Kg7  31. Qg5+  1/2-1/2

[Event "tht Extraliga 16/17,Lysa nad Labem B-BSS Frydek Mistek"]
[Site "Lysa nad Labem"]
[Date "2017.02.25"]
[Round "7.2"]
[White "Fedorov, Aleksei"]
[Black "Suran, Jan"]
[WhiteElo "2587"]
[BlackElo "2409"]
[Result "1-0"]

1. e4  c5  2. d3  Nc6
3. f4  g6  4. Nf3
Bg7  5. Be2  d5
6. O-O  dxe4  7. dxe4  Qxd1
8. Rxd1  Bg4  9. c3
Nf6  10. e5  Nd7
11. h3  Bxf3  12. Bxf3
O-O-O  13. Na3  g5
14. e6  fxe6  15. Bxc6
bxc6  16. fxg5  Ne5
17. Rxd8+  Rxd8  18. Be3
Rd5  19. Kf1  Nf7
20. h4  Nd6  21. g4
a6  22. Ke2  c4
23. Rf1  Kd7  24. h5  Ke8
25. g6  hxg6  26. hxg6
e5  27. Nc2  Rb5
28. Bc1  Kd7  29. Rh1
Rb8  30. Nb4  a5
31. Na6  Rg8  32. Nc5+
Ke8  33. g5  Bf8
34. Kf3  Rxg6  35. Kg4
Rg8  36. Rh7  Rg7
37. Rh8  Kf7  38. Nd7
Rg8  39. Nxe5+  Kg7
40. Rxg8+  Kxg8  41. a4
Ne4  42. Be3  1-0

[Event "tht Extraliga 16/17,Lysa nad Labem B-BSS Frydek Mistek"]
[Site "Lysa nad Labem"]
[Date "2017.02.25"]
[Round "7.3"]
[White "Londyn, Radek"]
[Black "Antoniewski, Rafal"]
[WhiteElo "2423"]
[BlackElo "2531"]
[Result "0-1"]

1. d4  g6  2. e4  Bg7
3. Nc3  c6  4. f4
d5  5. e5  Nh6
6. Nf3  Qb6  7. Be2  Bg4
8. Ng5  Bxe2  9. Nxe2
c5  10. dxc5  Qxc5
11. Nd4  Nc6  12. c3
Nxd4  13. cxd4  Qc4
14. Nf3  Rc8  15. Bd2
O-O  16. Qe2  Nf5
17. Qxc4  Rxc4  18. b3
Rc2  19. Kd1  Rfc8
20. g4  Nh6  21. h3
f5  22. g5  Nf7
23. Ne1  R2c7  24. Nd3  Nd8
25. Ke2  e6  26. a4
Bf8  27. Ke3  Rc2
28. h4  Nc6  29. Rac1
Nd8  30. Rxc2  Rxc2
31. h5  gxh5  32. Rxh5
Nc6  33. Rh1  a6
34. Ra1  Kf7  35. b4
Rc4  36. b5  Nxd4
37. bxa6  Nc2+  38. Kf2
bxa6  39. Rh1  Kg8
40. a5  Na3  41. Ra1
Rc2  42. Ke1  Nc4
43. Bc1  Be7  44. Kd1
Rc3  45. Ke2  Rb3
46. Bd2  Rb5  47. Rh1
Bf8  48. Rg1  Kf7
49. Rh1  Kg6  50. Rg1
Rb3  51. Ra1  Rb5
52. Bc3  h6  53. gxh6
Kxh6  54. Rh1+  Kg6
55. Rg1+  Kf7  56. Rh1
Bg7  57. Rg1  Rb3
58. Be1  Bf8  59. Rh1
Nb2  60. Nc1  Rb5
61. Rh7+  Bg7  62. Rh3
Rc5  63. Bc3  Rc4
64. Bxb2  Rc2+  65. Kd1
Rxb2  66. Rc3  Bf8
67. Rc6  Bb4  68. Rxa6
Rd2+  69. Ke1  Rc2+
70. Kd1  Rd2+  71. Ke1
d4  72. Ra7+  Kg6
73. Rd7  d3  74. a6
Re2+  75. Kd1  Re1# 0-1

[Event "tht Extraliga 16/17,Lysa nad Labem B-BSS Frydek Mistek"]
[Site "Lysa nad Labem"]
[Date "2017.02.25"]
[Round "7.4"]
[White "Zwardon, Vojtech"]
[Black "Cerveny, Martin"]
[WhiteElo "2398"]
[BlackElo "2384"]
[Result "1-0"]

1. c4  g6  2. g3  Bg7
3. Bg2  c5  4. Nc3
Nc6  5. a3  a5
6. d3  d6  7. Nf3  e6
8. O-O  Nge7  9. e4
O-O  10. Be3  Nd4
11. Rb1  Bd7  12. Bxd4
cxd4  13. Nb5  Bxb5
14. cxb5  a4  15. Nd2
Nc8  16. b3  Nb6
17. Nc4  axb3  18. Qxb3
Na4  19. Ra1  Qd7
20. f4  Rfd8  21. Rae1
Qc7  22. Rf2  Qc5
23. f5  d5  24. exd5
exd5  25. Ne5  f6
26. Ng4  h5  27. Nxf6+
Bxf6  28. fxg6  Kg7
29. Qd1  Re8  30. Ref1
Re6  31. Qxh5  Rh8
32. Qf5  Qd6  33. Bxd5
Re5  34. Qg4  Rf8
35. Be4  Qe6  36. Bf5
Qe7  37. Qh5  Rh8
38. Qf3  Nc5  39. Kg2
Ne6  40. a4  Nc5
41. a5  Qd6  42. Be4
Nxe4  43. dxe4  Rf8
44. Qd3  Qd7  45. a6
bxa6  46. bxa6  Kxg6
47. Ra1  Ra8  48. Qf3
Bg7  49. Ra3  Ra7
50. h4  Qe6  51. Qd3
Kh6  52. Rf4  Rc5
53. g4  Rc3  54. Rxc3
dxc3  55. Qe3  Rxa6
56. Rf6+  Kh7  57. Rxe6
Rxe6  58. Qc5  Be5
59. g5  Kg6  60. Kh3
Re8  61. Kg4  Kf7
62. h5  Re7  63. h6
Ke8  64. Qc8+  Kf7
65. Kf5  1-0

[Event "tht Extraliga 16/17,Lysa nad Labem B-BSS Frydek Mistek"]
[Site "Lysa nad Labem"]
[Date "2017.02.25"]
[Round "7.5"]
[White "Worek, Joanna"]
[Black "Rojicek, Vojtech"]
[WhiteElo "2350"]
[BlackElo "2407"]
[Result "0-1"]

1. d4  Nf6  2. c4  g6
3. Nc3  d5  4. cxd5
Nxd5  5. e4  Nxc3
6. bxc3  Bg7  7. Be3
c5  8. Qd2  Qa5
9. Rc1  O-O  10. d5  Na6
11. c4  Nb4  12. Be2
b6  13. f4  Qxa2
14. Nf3  Bb2  15. Rd1
a5  16. O-O  a4
17. Ne5  a3  18. Nd3  Nxd3
19. Qxd3  Ra4  20. d6
exd6  21. Qxd6  Bd4
22. Bxd4  cxd4  23. Bd3
Bg4  24. Ra1  Qd2
25. Rxa3  Rxa3  26. Qxa3
Qe3+  27. Rf2  Be2
28. Qxf8+  Kxf8  29. Bxe2
d3  30. Bf3  Qc1+
31. Rf1  Qxc4  32. Rb1
b5  0-1

[Event "tht Extraliga 16/17,Lysa nad Labem B-BSS Frydek Mistek"]
[Site "Lysa nad Labem"]
[Date "2017.02.25"]
[Round "7.6"]
[White "Jasny, Stanislav"]
[Black "Spacek, Petr"]
[WhiteElo "2353"]
[BlackElo "2377"]
[Result "1-0"]

1. e4  e5  2. Nf3  Nc6
3. Bb5  Nf6  4. O-O
Nxe4  5. d4  Nd6
6. Ba4  exd4  7. c3
Be7  8. cxd4  b5
9. Bb3  Bb7  10. Nc3
Na5  11. Bc2  b4
12. Na4  Be4  13. Re1
Bxc2  14. Qxc2  O-O
15. Bf4  Nac4  16. Rac1
Re8  17. Bxd6  Nxd6
18. Qxc7  Nb5  19. Qc4
Rb8  20. Re5  a6
21. Rce1  Nd6  22. Qd5
Bf8  23. Rxe8  Nxe8
24. Ne5  Qe7  25. Qxd7
Qxd7  26. Nxd7  Rd8
27. Nxf8  Kxf8  28. Rd1
Nc7  29. Nc5  a5
30. Kf1  Nb5  31. d5
Ke7  32. Nb7  Ra8
33. d6+  Kd7  34. Nc5+
Kc6  35. d7  Rd8
36. Rc1  Kb6  37. Na4+
Ka7  38. Rc5  Ka6
39. Rc8  1-0

[Event "tht Extraliga 16/17,Lysa nad Labem B-BSS Frydek Mistek"]
[Site "Lysa nad Labem"]
[Date "2017.02.25"]
[Round "7.7"]
[White "Petenyi, Tamas"]
[Black "Vesselovsky, Serguei"]
[WhiteElo "2446"]
[BlackElo "2333"]
[Result "1/2-1/2"]

1. e4  c5  2. b3  Nc6
3. Bb2  Nf6  4. Nc3
d6  5. Bb5  Bd7
6. f4  a6  7. Bxc6  Bxc6
8. Qe2  e6  9. O-O-O
Be7  10. Nf3  b5
11. e5  b4  12. exf6
bxc3  13. dxc3  Bxf6
14. Ne5  Bxe5  15. fxe5
Qg5+  16. Kb1  Qxe5
17. Qd2  O-O-O  18. c4
Qh5  19. Qa5  Kb7
20. Rd2  f6  21. Rhd1
Rd7  22. b4  Rhd8
23. b5  axb5  24. cxb5
Bxg2  25. Qa6+  Kb8
26. Qb6+  Kc8  27. Rxd6
Rxd6  28. Rxd6  Rxd6
29. Qxd6  Qd5  30. Qf8+
Kb7  31. Qxg7+  Kb6
32. Qxf6  Kxb5  1/2-1/2

[Event "tht Extraliga 16/17,Lysa nad Labem B-BSS Frydek Mistek"]
[Site "Lysa nad Labem"]
[Date "2017.02.25"]
[Round "7.8"]
[White "Rabatin, Jakub"]
[Black "Balacek, Tadeas"]
[WhiteElo "2272"]
[BlackElo "2335"]
[Result "1/2-1/2"]

1. e4  e6  2. d4  d5
3. Nd2  c5  4. exd5
Qxd5  5. Ngf3  cxd4
6. Bc4  Qd7  7. O-O
Nc6  8. Nb3  Nf6
9. Nbxd4  Nxd4  10. Nxd4
a6  11. a4  Qc7
12. Bd3  Bd6  13. h3  O-O
14. Bg5  Nd5  15. Re1
Nf4  16. Bxf4  Bxf4
17. Qf3  g6  18. c3
Bh6  19. Qe2  Bd7
20. Nf3  Rfd8  21. Bc2
Bg7  22. Red1  Qb6
23. Rab1  Qc5  24. Nd2
Bc6  25. Ne4  Qe7
1/2-1/2

[Event "tht Extraliga 16/17,Lysa nad Labem A-Tatran Litovel"]
[Site "Lysa nad Labem"]
[Date "2017.02.25"]
[Round "7.1"]
[White "Landa, Konstantin"]
[Black "Zpevak, Pavel"]
[WhiteElo "2616"]
[BlackElo "2355"]
[Result "1-0"]

1. d4  Nf6  2. c4  e6
3. Nc3  Bb4  4. e3
O-O  5. Bd3  d5
6. Nf3  c5  7. cxd5  exd5
8. dxc5  Nc6  9. O-O
Bxc5  10. h3  a6
11. b3  Qe7  12. Bb2
Rd8  13. Ne2  Ne4
14. Rc1  Bf5  15. Ned4
Nxd4  16. Nxd4  Bxd4
17. Bxd4  Qg5  18. Qf3
Rac8  19. Rfd1  h5
20. Be2  Bg6  21. Qf4
Qxf4  22. exf4  Re8
23. Kf1  f6  24. f5
Bf7  25. Bd3  h4
26. Kg1  Bh5  27. f3
Ng3  28. Bf2  Rxc1
29. Rxc1  Ne2+  30. Bxe2
Rxe2  31. a4  Be8
32. Rc8  Kf7  33. Rc7+
Re7  34. Rc3  Bd7
35. Bxh4  Bxf5  36. Bf2
Bd7  37. Kf1  Bc6
38. Bd4  Re8  39. Kf2
Rc8  40. g4  Bd7
41. Rd3  Rc2+  42. Kg3
Re2  43. h4  Bc6
44. h5  Bd7  45. Kf4
Bc6  46. Rd1  Re8
47. Rh1  Bd7  48. Rc1
Rc8  49. Rg1  Rh8
50. Ke3  Be6  51. Kd2
b5  52. axb5  axb5
53. Ra1  Rd8  54. Ra5
Bd7  55. Ra7  Ke7
56. Bc5+  Ke8  57. Kd3
Rc8  58. Kd4  Rd8
59. f4  Bxg4  60. Rxg7
Bf5  61. Re7+  Kf8
62. h6  Kg8  63. Rg7+
Kh8  64. Be7  Rd7
65. Bxf6  Rxg7  66. Bxg7+
Kg8  67. Kxd5  Bc2
68. b4  Kf7  69. Kc5
Bd3  70. f5  Bc4
71. Bd4  Kg8  72. Kd6
Bd3  73. Ke6  Kh7
74. Be3  Bc2  75. f6
Bb3+  76. Ke7  1-0

[Event "tht Extraliga 16/17,Lysa nad Labem A-Tatran Litovel"]
[Site "Lysa nad Labem"]
[Date "2017.02.25"]
[Round "7.2"]
[White "Rosko, Lubos"]
[Black "Yemelin, Vasily"]
[WhiteElo "2329"]
[BlackElo "2556"]
[Result "0-1"]

1. d4  Nf6  2. c4  e6
3. Nf3  Bb4+  4. Nbd2
d6  5. a3  Bxd2+
6. Bxd2  Qe7  7. Qc2
e5  8. dxe5  dxe5
9. e3  O-O  10. Bc3
Nc6  11. Be2  Bg4
12. O-O  Rfe8  13. h3
Bh5  14. Rfe1  a5
15. Nh4  Bxe2  16. Rxe2
Qe6  17. b3  a4
18. Nf3  axb3  19. Qxb3  Ne4
20. Be1  Nc5  21. Qb5
b6  22. a4  Na7
23. Qb4  Nc6  24. Qb5  Nd3
25. Bc3  e4  26. Nd4
Nxd4  27. exd4  c6
28. Qb3  b5  29. axb5
Rxa1+  30. Bxa1  Nc1
31. Qc2  Nxe2+  32. Qxe2
Ra8  33. Bc3  cxb5
34. d5  Qc8  35. Qxe4
Qxc4  36. Qe5  f6
37. Qe6+  Kh8  38. Bb2
Rd8  39. Qe7  Qxd5
40. Qe3  Qd2  0-1

[Event "tht Extraliga 16/17,Lysa nad Labem A-Tatran Litovel"]
[Site "Lysa nad Labem"]
[Date "2017.02.25"]
[Round "7.3"]
[White "Stocek, Jiri"]
[Black "Studnicka, Tomas"]
[WhiteElo "2566"]
[BlackElo "2327"]
[Result "1-0"]

1. d4  Nf6  2. Bf4  e6
3. e3  c5  4. Nf3
Be7  5. dxc5  Qa5+
6. Nbd2  Qxc5  7. Bd3
Nc6  8. a3  a6
9. O-O  O-O  10. b4  Qa7
11. c4  b6  12. Ne4
h6  13. Nxf6+  Bxf6
14. Ra2  Bb7  15. Bb1
Rfd8  16. Rd2  Rac8
17. Qc2  g6  18. Bxh6
d5  19. Bg5  Bxg5
20. Nxg5  Ne5  21. Qb2
Qb8  22. f4  Nxc4
23. Qf6  Qc7  24. Rd4
Rd7  25. f5  Qe5
26. fxe6  Qxf6  27. Rxf6
fxe6  28. Rxe6  Rc6
29. Bxg6  Rxe6  30. Nxe6
Re7  31. Rf4  1-0

[Event "tht Extraliga 16/17,Lysa nad Labem A-Tatran Litovel"]
[Site "Lysa nad Labem"]
[Date "2017.02.25"]
[Round "7.4"]
[White "Straka, Vojtech"]
[Black "Plat, Vojtech"]
[WhiteElo "2342"]
[BlackElo "2508"]
[Result "0-1"]

1. d4  Nf6  2. Nf3  e6
3. Bg5  c5  4. e3
Qb6  5. Nbd2  cxd4
6. exd4  d5  7. Rb1
Bd6  8. Bd3  h6
9. Bxf6  gxf6  10. O-O  Nc6
11. c4  Nxd4  12. cxd5
exd5  13. Nxd4  Qxd4
14. Nf3  Qb6  15. Qa4+
Kf8  16. Qh4  h5
17. Kh1  Be7  18. h3
Qb4  19. Rfd1  Qxh4
20. Nxh4  Bc5  21. Kg1
Rg8  22. Kf1  Be6
23. Rbc1  b6  24. a3
a5  25. Be2  Ke7
26. Nf3  Rgc8  27. Ne1
h4  28. Nf3  Bd6
29. Nxh4  Be5  30. a4
Rxc1  31. Rxc1  Bxb2
32. Rb1  Bd4  33. Bd3
Rc8  34. Nf3  Bc5
35. h4  Bg4  36. Nh2
Bd7  37. Bb5  Bf5
38. Rd1  Kd6  39. g4
Bc2  40. Rd2  Bb4
0-1

[Event "tht Extraliga 16/17,Lysa nad Labem A-Tatran Litovel"]
[Site "Lysa nad Labem"]
[Date "2017.02.25"]
[Round "7.5"]
[White "Krejci, Jan"]
[Black "Cifka, Stanislav"]
[WhiteElo "2509"]
[BlackElo "2413"]
[Result "1-0"]

1. e4  e6  2. d4  d5
3. Nd2  b6  4. Ngf3
Nf6  5. Bd3  dxe4
6. Nxe4  Nbd7  7. Nxf6+
Nxf6  8. Ne5  Qd5
9. Be2  Bb7  10. Bf3
Qa5+  11. c3  Bxf3
12. Qxf3  Qd5  13. Qg3
h5  14. h4  Qe4+
15. Be3  Ng4  16. Nxg4
hxg4  17. Qxc7  Qxg2
18. O-O-O  Qd5  19. Bf4
Rh5  20. Rhg1  Rxh4
21. c4  Qd7  22. Qe5
f6  23. Qe2  Rc8
24. b3  a5  25. Bg3
Rh8  26. Qxg4  a4
27. Rge1  Ba3+  28. Kb1
axb3  29. axb3  Kf8
30. Qxe6  Rd8  31. Qxd7
Rxd7  32. Re6  Rb7
33. d5  Kf7  34. Rc6
Bc5  35. Kc2  Ra8
36. Rb1  Re7  37. b4
Bd4  38. Kd3  Ba1
39. Rb3  Ra2  40. Rc7
Rxc7  41. Bxc7  Rxf2
42. Bxb6  Rf3+  43. Be3
f5  44. Ke2  Rh3
45. Ra3  Bd4  46. c5
Rh2+  47. Kf1  Be5
48. Ra7+  Ke8  49. d6
1-0

[Event "tht Extraliga 16/17,Lysa nad Labem A-Tatran Litovel"]
[Site "Lysa nad Labem"]
[Date "2017.02.25"]
[Round "7.6"]
[White "Belunek, Vladimir"]
[Black "Jansa, Vlastimil"]
[WhiteElo "2232"]
[BlackElo "2452"]
[Result "0-1"]

1. d4  Nf6  2. c4  g6
3. Nc3  d5  4. Nf3
Bg7  5. cxd5  Nxd5
6. e4  Nxc3  7. bxc3
c5  8. Rb1  O-O
9. Be2  b6  10. O-O  Qc7
11. Bg5  Bb7  12. Qd3
e6  13. Qe3  Nd7
14. e5  a6  15. h4
b5  16. h5  Nb6
17. h6  Bh8  18. Rfc1  Nd5
19. Qd2  c4  20. Nh2
f6  21. exf6  Bxf6
22. Bxf6  Rxf6  23. Ng4
Rf4  24. Ne5  Raf8
25. Bg4  Qe7  26. f3
Nb6  27. Rf1  Bd5
28. g3  R4f6  29. f4
Nc8  30. a4  Nd6
31. axb5  axb5  32. Qe3
Ra8  33. Ra1  Rff8
34. Nf3  Nf5  35. Bxf5
gxf5  36. Ng5  Qf6
37. Nf3  Qxh6  38. Nh4
Qh5  39. Qe5  Qf7
40. Kh2  Qg7  41. Qd6
Qb7  42. Rg1  Qc6
43. Qe7  Rf7  44. Qg5+
Rg7  45. Qf6  Rb8
46. Qe5  Rf8  47. Ra5
b4  48. cxb4  Qb7
49. Rc5  Qa8  50. Ra5
Qd8  51. Rga1  Rg4
52. Kh3  Rg7  53. Rc5
Rd7  54. b5  Qb8
55. Rxd5  exd5  56. Qe6+
Rdf7  57. Nxf5  Kh8
58. Nd6  Rf6  0-1

[Event "tht Extraliga 16/17,Lysa nad Labem A-Tatran Litovel"]
[Site "Lysa nad Labem"]
[Date "2017.02.25"]
[Round "7.7"]
[White "Rogozenco, Dorian"]
[Black "Neoral, Antonin"]
[WhiteElo "2473"]
[BlackElo "2142"]
[Result "1-0"]

1. d4  Nf6  2. c4  c5
3. d5  e5  4. Nc3
d6  5. e4  Be7
6. g3  h5  7. Nf3  a6
8. a4  b6  9. Bg2
Bg4  10. h4  Nbd7
11. O-O  Nh7  12. Qd3
Bxf3  13. Qxf3  Nhf6
14. Bh3  g6  15. Bd2
Kf8  16. Ne2  Kg7
17. Nc1  b5  18. b3
bxc4  19. bxc4  Qb8
20. Bc3  Qb7  21. Qe2
Rhe8  22. Ra3  Rab8
23. a5  Kg8  24. f4
exf4  25. gxf4  Bf8
26. e5  Bg7  27. e6
Nf8  28. f5  gxf5
29. Rxf5  Qb1  30. Ra1
fxe6  31. Rxb1  exf5
32. Rxb8  Rxb8  33. Bxf5
1-0

[Event "tht Extraliga 16/17,Lysa nad Labem A-Tatran Litovel"]
[Site "Lysa nad Labem"]
[Date "2017.02.25"]
[Round "7.8"]
[White "Knajbl, Michael"]
[Black "Meduna, Eduard"]
[WhiteElo "1790"]
[BlackElo "2378"]
[Result "0-1"]

1. d4  Nf6  2. Nf3  c5
3. c3  b6  4. Bf4
Bb7  5. e3  d6
6. Bd3  Nbd7  7. Nbd2  g6
8. Qc2  Bg7  9. h3
a6  10. O-O  O-O
11. a4  Rc8  12. Rae1
Nd5  13. Bh2  cxd4
14. exd4  Nb4  15. Qb1
Nxd3  16. Qxd3  Nf6
17. Qe3  Re8  18. Bf4
Nd5  19. Qe4  Qd7
20. Be3  Nxc3  21. Qd3
Nd5  22. Qb3  b5
23. axb5  Qxb5  24. Qxb5
axb5  25. Rc1  e5
26. dxe5  dxe5  27. Nb3
Nxe3  28. fxe3  Bd5
29. Rxc8  Rxc8  30. Rc1
Rxc1+  31. Nxc1  e4
32. Nd4  Bxd4  33. exd4
Bc4  34. Kf2  f5
35. g3  Kf7  36. h4
h6  37. Ke3  Kf6
38. Kf4  Ke6  39. g4
fxg4  40. Kxg4  Kd5
0-1

[Event "tht Extraliga 16/17,Duras Brno-SK AD Jicin"]
[Site "Brno"]
[Date "2017.02.25"]
[Round "7.1"]
[White "Shengelia, David"]
[Black "Gajewski, Grzegorz"]
[WhiteElo "2575"]
[BlackElo "2613"]
[Result "1/2-1/2"]
[PlyCount "73"]

1. d4 Nf6 2. c4 e6 3. Nf3 b6 4. e3 Bb7 5. Bd3 d5 6. O-O Bd6 7. Nc3 O-O 8. b3
Nbd7 9. Bb2 a6 10. Rc1 Qe7 11. Qe2 Ne4 12. Rc2 f5 13. Rfc1 Rf6 14. g3 Rh6 15.
Na4 dxc4 16. bxc4 c5 17. Qd1 g5 18. dxc5 Ndxc5 19. Nxc5 Nxc5 20. Be2 g4 21. Ne5
Bxe5 22. Bxe5 Qe8 23. f3 Rd8 24. Rd2 Rxd2 25. Qxd2 gxf3 26. e4 f2+ 27. Kf1 Qf8
28. Rd1 f4 29. Qxf4 Qxf4 30. Bxf4 Rxh2 31. Rd8+ Kf7 32. g4 Rh3 33. Kxf2 Nxe4+
34. Kg2 Ng5+ 35. Kf2 Ne4+ 36. Kg2 Ng5+ 37. Kf2 1/2-1/2

[Event "tht Extraliga 16/17,Duras Brno-SK AD Jicin"]
[Site "Brno"]
[Date "2017.02.25"]
[Round "7.2"]
[White "Oleksiyenko, Mykhaylo"]
[Black "Ponizil, Cyril"]
[WhiteElo "2643"]
[BlackElo "2494"]
[Result "1-0"]
[PlyCount "171"]

1. e4 c5 2. Nf3 e6 3. d4 cxd4 4. Nxd4 a6 5. c4 Qc7 6. Nc3 Nf6 7. a3 b6 8. Be3
Bb7 9. f3 d6 10. Be2 Be7 11. O-O Nbd7 12. Rc1 O-O 13. Qd2 Rfc8 14. b4 Qd8 15.
Rfd1 Rab8 16. Bf1 Qe8 17. h3 Bd8 18. Bf2 Ne5 19. Nb3 Bc7 20. Re1 Ng6 21. Bg3
Qf8 22. Qe3 Ba8 23. b5 a5 24. Na4 Nd7 25. Red1 Nge5 26. f4 Ng6 27. Be2 Qe7 28.
Nd4 Nc5 29. Nc3 Nf8 30. Rb1 Qe8 31. Bg4 h6 32. Kh1 Nh7 33. Bf3 Bd8 34. Nc6 Bxc6
35. bxc6 Rxc6 36. e5 dxe5 37. Bxc6 Qxc6 38. fxe5 Be7 39. Qf3 Rc8 40. Qxc6 Rxc6
41. Bf2 Nf8 42. Bxc5 Bxc5 43. Rb3 Ng6 44. Na4 Nxe5 45. Nxc5 bxc5 46. Rc1 Kh7
47. Rb5 a4 48. Ra5 Nd3 49. Rb1 e5 50. Rxa4 e4 51. Ra7 Re6 52. Rxf7 e3 53. Rd7
e2 54. Rxd3 e1=Q+ 55. Rxe1 Rxe1+ 56. Kh2 Rc1 57. a4 Rxc4 58. Ra3 Rb4 59. a5 c4
60. a6 c3 61. a7 c2 62. Ra1 Ra4 63. Rxa4 c1=Q 64. a8=Q Qc7+ 65. Kg1 Qc1+ 66.
Kf2 Qc2+ 67. Kf3 Qd3+ 68. Kf4 Qd2+ 69. Ke5 Qg5+ 70. Kd4 Qf6+ 71. Kc4 Qf1+ 72.
Kc5 Qf2+ 73. Rd4 Qc2+ 74. Rc4 Qf2+ 75. Rd4 Qc2+ 76. Kd6 Qg6+ 77. Kc7 Qf7+ 78.
Kc6 Qg6+ 79. Rd6 Qe4+ 80. Rd5 Qxg2 81. Qa4 Qg6+ 82. Kb7 Qg2 83. Qb3 h5 84. Qd3+
g6 85. Kc8 Qf2 86. Rxh5+ 1-0

[Event "tht Extraliga 16/17,Duras Brno-SK AD Jicin"]
[Site "Brno"]
[Date "2017.02.25"]
[Round "7.3"]
[White "Polak, Tomas"]
[Black "Tazbir, Marcin"]
[WhiteElo "2508"]
[BlackElo "2504"]
[Result "1/2-1/2"]
[PlyCount "47"]

1. d4 Nf6 2. c4 g6 3. Nc3 d5 4. cxd5 Nxd5 5. e4 Nxc3 6. bxc3 Bg7 7. Nf3 O-O 8.
Be2 c5 9. O-O Nc6 10. Be3 Qc7 11. d5 Ne5 12. Nxe5 Bxe5 13. f4 Bxc3 14. Rc1 Qa5
15. Qd3 Bd4 16. Bxd4 cxd4 17. Qxd4 Qxa2 18. Bd3 Qa5 19. Rc5 Qd8 20. Rfc1 Bd7
21. Rc7 Rc8 22. Rxc8 Bxc8 23. Qxa7 e6 24. Qd4 1/2-1/2

[Event "tht Extraliga 16/17,Duras Brno-SK AD Jicin"]
[Site "Brno"]
[Date "2017.02.25"]
[Round "7.4"]
[White "Spirin, Oleg"]
[Black "Simacek, Pavel"]
[WhiteElo "2436"]
[BlackElo "2484"]
[Result "1-0"]
[PlyCount "115"]

1. Nf3 c5 2. c4 Nc6 3. d4 cxd4 4. Nxd4 f5 5. g3 e6 6. Bg2 Bc5 7. Nb3 Be7 8. Nc3
Nf6 9. e4 fxe4 10. Nxe4 O-O 11. O-O b6 12. Nd4 Bb7 13. Nxc6 Bxc6 14. Qe2 Rc8
15. Bf4 Nxe4 16. Bxe4 Bxe4 17. Qxe4 Rf5 18. Rad1 Ra5 19. a3 Bf6 20. Rd2 Qe8 21.
Bd6 Qh5 22. b3 Rc6 23. Rfd1 Qh3 24. Qg2 Qxg2+ 25. Kxg2 Rf5 26. g4 Rg5 27. h3 e5
28. Bb8 h5 29. f3 hxg4 30. hxg4 a6 31. Rxd7 b5 32. Rc7 Rxc7 33. Bxc7 bxc4 34.
bxc4 e4 35. Bd6 exf3+ 36. Kxf3 Ra5 37. Ke4 Rg5 38. Kf4 Ra5 39. Ke4 Rg5 40. Rg1
Kf7 41. Bb4 Ke6 42. Bd2 Rg6 43. Be3 Bb2 44. a4 Kd7 45. g5 Re6+ 46. Kd3 Be5 47.
Rb1 Bc7 48. Rf1 Rd6+ 49. Kc2 Ke8 50. Rf5 Bd8 51. c5 Re6 52. Kd3 Kd7 53. Rf7+
Re7 54. Rf8 g6 55. c6+ Kc7 56. Bf4+ Kc8 57. Rg8 a5 58. c7 1-0

[Event "tht Extraliga 16/17,Duras Brno-SK AD Jicin"]
[Site "Brno"]
[Date "2017.02.25"]
[Round "7.5"]
[White "Blahynka, Martin"]
[Black "Bures, Jaroslav"]
[WhiteElo "2425"]
[BlackElo "2383"]
[Result "0-1"]
[PlyCount "104"]

1. d4 d5 2. c4 c6 3. Nc3 Nf6 4. Nf3 dxc4 5. a4 Bf5 6. Nh4 Bd7 7. e4 e6 8. Bxc4
Nxe4 9. Nxe4 Qxh4 10. Qf3 Bb4+ 11. Kf1 f5 12. Ng5 Qxd4 13. Qb3 a5 14. Be3 Qf6
15. Nxe6 Bxe6 16. Bxe6 Ke7 17. Bc4 f4 18. Rd1 Rd8 19. Bb6 Rxd1+ 20. Qxd1 Nd7
21. Bd4 Qd6 22. Qe2+ Kf8 23. Qh5 Qg6 24. Qxg6 hxg6 25. Ke2 Re8+ 26. Kd3 c5 27.
Bc3 Bxc3 28. Kxc3 Nb6 29. Bb5 Re4 30. b3 Nd5+ 31. Kc2 Nb4+ 32. Kc3 Nd5+ 33. Kc2
Ke7 34. Rd1 Re5 35. Kd2 Nc7 36. Bc4 Ne6 37. Bxe6 Kxe6 38. Rc1 Kd5 39. Rc3 Re4
40. Rh3 c4 41. bxc4+ Rxc4 42. Rh7 Rxa4 43. Rxg7 Ra2+ 44. Kc3 Rxf2 45. Rxg6 a4
46. Kb4 b5 47. Rg8 Rb2+ 48. Kc3 a3 49. Rd8+ Ke6 50. Re8+ Kd7 51. Ra8 b4+ 52.
Kc4 a2 0-1

[Event "tht Extraliga 16/17,Duras Brno-SK AD Jicin"]
[Site "Brno"]
[Date "2017.02.25"]
[Round "7.6"]
[White "Kraus, Tomas"]
[Black "Roubalik, Jakub"]
[WhiteElo "2410"]
[BlackElo "2409"]
[Result "1-0"]
[PlyCount "75"]

1. d4 Nf6 2. c4 e6 3. Nc3 Bb4 4. Qc2 O-O 5. e4 d5 6. e5 Ne4 7. Bd3 c5 8. Nf3
Nc6 9. O-O Bxc3 10. bxc3 cxd4 11. Bxe4 dxe4 12. Qxe4 d3 13. Ng5 g6 14. Qh4 h5
15. Ba3 Nxe5 16. Bxf8 Qxf8 17. Rfe1 Nc6 18. Rad1 e5 19. Rxd3 Bf5 20. Ne4 Qa3
21. Rd2 Rc8 22. Nd6 Rd8 23. Nb5 Qa5 24. Rxd8+ Nxd8 25. Qe7 a6 26. Nd6 Be6 27.
Nxb7 Nxb7 28. Qxb7 Qxc3 29. Qb8+ Kg7 30. Qxe5+ Qxe5 31. Rxe5 Bxc4 32. a4 Kf6
33. f4 Be6 34. Kf2 Ke7 35. Ke3 Kd6 36. Kd4 Kc6 37. Rc5+ Kd6 38. g3 1-0

[Event "tht Extraliga 16/17,Duras Brno-SK AD Jicin"]
[Site "Brno"]
[Date "2017.02.25"]
[Round "7.7"]
[White "Vyskocil, Neklan"]
[Black "Vykouk, Jan"]
[WhiteElo "2326"]
[BlackElo "2429"]
[Result "1/2-1/2"]
[PlyCount "94"]

1. e4 e6 2. d4 d5 3. Nd2 Be7 4. e5 c5 5. c3 Nc6 6. Ndf3 cxd4 7. cxd4 f6 8. Bd3
Qc7 9. Ne2 Bd7 10. O-O fxe5 11. Nxe5 Nxe5 12. dxe5 Qxe5 13. Re1 Nf6 14. Nf4 Qd6
15. Qe2 O-O 16. Nxe6 Rfe8 17. Bf4 Qxe6 18. Qxe6+ Bxe6 19. Rxe6 Bc5 20. Rae1 Kf7
21. Rxe8 Rxe8 22. Rxe8 Kxe8 23. Kf1 Bd4 24. b3 Kd7 25. Ke2 Kc6 26. h3 Kc5 27.
Bd2 Ne4 28. b4+ Kc6 29. a4 h6 30. Be1 Nc3+ 31. Bxc3 Bxc3 32. b5+ Kc5 33. f4 Bf6
34. a5 Kb4 35. a6 b6 36. g4 Kc3 37. Ke3 Bh4 38. Be2 Be7 39. Bd3 Bc5+ 40. Ke2
Bd6 41. g5 Bxf4 42. gxh6 gxh6 43. Bf5 Bg5 44. Bg6 Kd4 45. Bf5 Ke5 46. Bd7 Ke4
47. Be8 d4 1/2-1/2